[Event "SUI-ch Seniors 122nd"]
[Site "Leukerbad"]
[Date "2023.07.23"]
[Round "7"]
[White "Huss, Andreas"]
[Black "Borner, Daniel"]
[Result "1-0"]
[WhiteElo "2211"]
[BlackElo "2087"]
[PlyCount "83"]
[EventDate "2023.07.17"]
[EventType "tourn"]
[EventRounds "7"]
[EventCountry "SUI"]
[SourceTitle "CBM 215 Extra"]
[Source "ChessBase"]
[SourceDate "2023.09.30"]
[SourceVersion "1"]
[SourceVersionDate "2023.09.30"]
[SourceQuality "1"]

1. d4 Nf6 2. c4 g6 3. Nf3 Bg7 4. Nc3 0-0 5. e4 d6 6. Be2 e5 7. d5 a5 8. Bg5 h6 9. Bh4 Na6 10. Nd2 h5 11. Bg5 Qe8 12. 0-0 Nh7 13. Be3 Qe7 14. a3 Bd7 15. Rb1 f5 16. exf5 gxf5 17. f4 h4 18. h3 Rae8 19. Bh5 Rd8 20. Nf3 Kh8 21. Bg6 Bf6 22. Qc2 Qg7 23. fxe5 dxe5 24. Bxf5 e4 25. Bxe4 Rde8 26. Rbe1 Rg8 27. Bxh7 Qxh7 28. Qxh7+ Kxh7 29. Kh1 Kg6 30. Bf2 Kh5 31. Rxe8 Rxe8 32. Re1 Rxe1+ 33. Nxe1 Bf5 34. Kg1 Nb8 35. Kf1 Nd7 36. Ke2 Ne5 37. Bd4 Kg6 38. b3 Kf7 39. a4 Ke7 40. Nb5 Kd7 41. Nf3 Bd3+ 42. Ke3 1-0

[Event "SUI-ch Seniors 122nd"]
[Site "Leukerbad"]
[Date "2023.07.18"]
[Round "2"]
[White "Kuhn, Thomas"]
[Black "Borner, Daniel"]
[Result "1/2-1/2"]
[WhiteElo "2070"]
[BlackElo "2087"]
[PlyCount "42"]
[EventDate "2023.07.17"]
[EventType "tourn"]
[EventRounds "7"]
[EventCountry "SUI"]
[SourceTitle "CBM 215 Extra"]
[Source "ChessBase"]
[SourceDate "2023.09.30"]
[SourceVersion "1"]
[SourceVersionDate "2023.09.30"]
[SourceQuality "1"]

1. Nf3 Nf6 2. c4 g6 3. b3 Bg7 4. Bb2 0-0 5. g3 d6 6. Bg2 e5 7. d3 Nh5 8. Nc3 f5 9. 0-0 Nc6 10. Nd2 Be6 11. Nd5 Qd7 12. e3 Rae8 13. Rb1 Nd8 14. f4 c6 15. Nb4 Nf7 16. Nf3 Qc7 17. Nc2 Rd8 18. Qe1 Rfe8 19. Qf2 Nf6 20. Nd2 a6 21. h3 d5 1/2-1/2

[Event "SUI-ch TP1"]
[Site "Payerne"]
[Date "2022.05.28"]
[Round "5"]
[White "Borner, Daniel"]
[Black "Rohrer, Christophe"]
[Result "1/2-1/2"]
[WhiteElo "2063"]
[BlackElo "2285"]
[PlyCount "124"]
[EventDate "2022.05.26"]
[EventType "swiss"]
[EventRounds "7"]
[EventCountry "SUI"]
[SourceTitle "CBM 208 Extra"]
[Source "ChessBase"]
[SourceDate "2022.07.31"]
[SourceVersion "1"]
[SourceVersionDate "2022.07.31"]
[SourceQuality "1"]

1. e4 e5 2. Nf3 Nc6 3. Bb5 a6 4. Ba4 d6 5. c3 Bg4 6. h3 Bh5 7. d3 Nf6 8. Nbd2 Nd7 9. Nf1 Nc5 10. Bc2 Bg6 11. Ne3 Be7 12. 0-0 0-0 13. Qe2 Ne6 14. Nd5 Kh8 15. Be3 f5 16. exf5 Bxf5 17. Rad1 Qe8 18. d4 Qh5 19. Bxf5 Qxf5 20. dxe5 dxe5 21. Nd2 Rad8 22. Nxe7 Nxe7 23. Qg4 Rd3 24. Ne4 Rfd8 25. Rxd3 Rxd3 26. Qxf5 Nxf5 27. Bc1 Nd6 28. Nxd6 cxd6 29. Re1 g5 30. g3 Kg7 31. Kf1 Kf6 32. Ke2 Rd5 33. Rd1 Rxd1 34. Kxd1 d5 35. Ke2 e4 36. Be3 Ke5 37. Ba7 h5 38. Ke3 Kf5 39. Bb6 Ke5 40. Ba7 Nd8 41. Bb6 Nc6 42. a4 Kd6 43. b4 Ne5 44. Bd8 Nf7 45. Bb6 Nh6 46. Ke2 g4 47. hxg4 Nxg4 48. Kf1 Ke6 49. Kg2 Ne5 50. Kh3 Kf5 51. Kh4 Kg6 52. Kh3 Kg5 53. Bd8+ Kf5 54. Bb6 Nf3 55. Bc5 b5 56. axb5 axb5 57. Be3 Ne5 58. Kh4 Kg6 59. Kh3 Kf5 60. Kh4 Kg6 61. Kh3 Kf5 62. Kh4 Kg6 1/2-1/2

[Event "Biel HTO 53rd"]
[Site "Biel"]
[Date "2020.07.27"]
[Round "7"]
[White "Jakhari, Ansh"]
[Black "Borner, Daniel"]
[Result "1-0"]
[WhiteElo "1908"]
[BlackElo "2154"]
[PlyCount "85"]
[EventDate "2020.07.20"]
[EventType "swiss"]
[EventRounds "9"]
[EventCountry "SUI"]
[SourceTitle "CBM 197"]
[Source "ChessBase"]
[SourceDate "2020.07.27"]
[SourceVersion "1"]
[SourceVersionDate "2020.07.27"]
[SourceQuality "1"]

1. e4 g6 2. d4 Bg7 3. Nc3 c5 4. Nf3 cxd4 5. Nxd4 Nc6 6. Be3 Nf6 7. f3 0-0 8. Qd2 d5 9. 0-0-0 dxe4 10. Nxc6 Qxd2+ 11. Rxd2 bxc6 12. Nxe4 Nxe4 13. fxe4 Be6 14. b3 a5 15. a4 Rfb8 16. Be2 c5 17. Bb5 Rc8 18. c4 Be5 19. h3 Kg7 20. Bd7 Bxd7 21. Rxd7 Bd6 22. e5 Bxe5 23. Rxe7 Bf6 24. Rd7 Ra6 25. Re1 Rb6 26. Kc2 Rcb8 27. Bf4 Rxb3 28. Bxb8 Rb2+ 29. Kd3 Rxb8 30. Ra7 Rb4 31. Rxa5 Rb3+ 32. Ke4 Bd4 33. Rb5 f5+ 34. Kd5 Rd3 35. Kc6 Rd2 36. a5 Rxg2 37. a6 Ra2 38. Kb7 f4 39. a7 f3 40. a8Q Rxa8 41. Kxa8 f2 42. Rf1 g5 43. Ra5 1-0

[Event "Biel HTO 53rd"]
[Site "Biel"]
[Date "2020.07.26"]
[Round "6"]
[White "Borner, Daniel"]
[Black "Ermitsch, Magnus"]
[Result "0-1"]
[WhiteElo "2154"]
[BlackElo "2000"]
[PlyCount "138"]
[EventDate "2020.07.20"]
[EventType "swiss"]
[EventRounds "9"]
[EventCountry "SUI"]
[SourceTitle "CBM 197"]
[Source "ChessBase"]
[SourceDate "2020.07.27"]
[SourceVersion "1"]
[SourceVersionDate "2020.07.27"]
[SourceQuality "1"]

1. e4 c5 2. Nf3 e6 3. g3 Nc6 4. Bg2 Nf6 5. Qe2 e5 6. 0-0 Be7 7. c3 0-0 8. Rd1 d6 9. h3 Qc7 10. Na3 d5 11. exd5 Nxd5 12. Nc4 Bf6 13. d3 Bf5 14. Re1 Rae8 15. Ng5 Bxg5 16. Bxg5 Qd7 17. Kh2 h6 18. Ne3 Nxc3 19. bxc3 hxg5 20. Nxf5 Qxf5 21. Rab1 Qd7 22. Qe3 b6 23. Qxg5 Rc8 24. Rbd1 f6 25. Qh5 Qf7 26. Qh4 Rfd8 27. Be4 g6 28. Qh6 Ne7 29. a4 Qg7 30. Qc1 Nd5 31. Qa3 Qf7 32. a5 Rc7 33. axb6 axb6 34. Rb1 Rb8 35. Rb5 Kg7 36. Reb1 Rcc8 37. Qb3 Rd8 38. h4 f5 39. Bxd5 Qxd5 40. Rxb6 Qxb3 41. R1xb3 Rxb6 42. Rxb6 Rxd3 43. Rb3 c4 44. Ra3 Rf3 45. Kg2 e4 46. Ra7+ Kh6 47. Ra3 Kg7 48. Ra7+ Kf8 49. Ra8+ Ke7 50. Ra7+ Ke6 51. Ra6+ Kf7 52. Ra7+ Kg8 53. Ra8+ Kh7 54. Ra7+ Kh6 55. Ra3 Rd3 56. Kf1 g5 57. hxg5+ Kxg5 58. Ke1 Kg4 59. Ke2 Kh3 60. Ra5 Rf3 61. Rc5 Kg2 62. Rxc4 Rxf2+ 63. Ke3 Rf3+ 64. Ke2 Kxg3 65. Rc8 Kf4 66. c4 e3 67. c5 Rf2+ 68. Ke1 Kf3 69. Rf8 f4 0-1

[Event "Biel HTO 53rd"]
[Site "Biel"]
[Date "2020.07.22"]
[Round "3"]
[White "Gschnitzer, Adrian"]
[Black "Borner, Daniel"]
[Result "1/2-1/2"]
[WhiteElo "2404"]
[BlackElo "2154"]
[PlyCount "48"]
[EventDate "2020.07.20"]
[EventType "swiss"]
[EventRounds "9"]
[EventCountry "SUI"]
[SourceTitle "CBM 197"]
[Source "ChessBase"]
[SourceDate "2020.07.27"]
[SourceVersion "1"]
[SourceVersionDate "2020.07.27"]
[SourceQuality "1"]

1. e4 g6 2. d4 Bg7 3. Nc3 c5 4. Nf3 cxd4 5. Nxd4 Nc6 6. Be3 Nf6 7. Bc4 0-0 8. Bb3 Re8 9. f3 e6 10. f4 d6 11. 0-0 Ng4 12. Qxg4 Nxd4 13. Rad1 Nxb3 14. axb3 Qc7 15. Qh4 Bd7 16. Rf3 b5 17. Rd2 b4 18. Nd1 Bc6 19. Rh3 h6 20. Nf2 f5 21. e5 dxe5 22. fxe5 g5 23. Qxb4 Qxe5 24. Nd3 Qc7 1/2-1/2

[Event "Biel HTO 53rd"]
[Site "Biel"]
[Date "2020.07.20"]
[Round "1"]
[White "Fluekiger, Kurt"]
[Black "Borner, Daniel"]
[Result "0-1"]
[WhiteElo "1602"]
[BlackElo "2154"]
[PlyCount "70"]
[EventDate "2020.07.20"]
[EventType "swiss"]
[EventRounds "9"]
[EventCountry "SUI"]
[SourceTitle "CBM 197"]
[Source "ChessBase"]
[SourceDate "2020.07.27"]
[SourceVersion "1"]
[SourceVersionDate "2020.07.27"]
[SourceQuality "1"]

1. e4 g6 2. d4 Bg7 3. Nf3 d6 4. b3 c5 5. Bb2 cxd4 6. Bxd4 Nf6 7. Bd3 Nc6 8. Nbd2 Nxd4 9. Nxd4 0-0 10. N4f3 d5 11. Rc1 dxe4 12. Nxe4 Nxe4 13. Bxe4 Bc3+ 14. Ke2 Qc7 15. Qd3 Rd8 16. Qe3 Bd7 17. a4 Bg7 18. h3 a6 19. Rhd1 Rac8 20. c4 f5 21. Bd5+ e6 22. Bxe6+ Kh8 23. Ng5 Bf6 24. Nf7+ Kg7 25. Qh6+ Kg8 26. Nxd8+ Bxe6 27. Nxe6 Re8 28. Rd5 Rxe6+ 29. Kf1 Qh2 30. f3 f4 31. Rcd1 Qh1+ 32. Kf2 Re2+ 33. Kxe2 Qxg2+ 34. Kd3 Qxf3+ 35. Kc2 Qc3+ 0-1

[Event "SUI-ch HT"]
[Site "Bern"]
[Date "2014.10.04"]
[Round "9"]
[White "Hasenohr, Benedict"]
[Black "Borner, Daniel"]
[Result "1-0"]
[WhiteElo "2281"]
[BlackElo "2161"]
[PlyCount "69"]
[EventDate "2014.09.27"]
[EventType "swiss"]
[EventRounds "9"]
[EventCountry "SUI"]
[SourceTitle "EXT 2016"]
[Source "ChessBase"]
[SourceDate "2015.10.08"]
[SourceVersion "1"]
[SourceVersionDate "2015.10.08"]
[SourceQuality "1"]

1. d4 g6 2. Nf3 Bg7 3. c4 Nf6 4. Nc3 0-0 5. e4 d6 6. Be2 e5 7. 0-0 Nbd7 8. Re1 c6 9. h3 Qe7 10. Bf1 Re8 11. Be3 exd4 12. Bxd4 a5 13. Qd2 Nc5 14. Rad1 Be6 15. Nh2 Rad8 16. Qe3 Ncd7 17. Na4 c5 18. Bc3 Ne5 19. b3 Nc6 20. g4 Bd7 21. Nb6 Nd4 22. Bxd4 cxd4 23. Rxd4 Bc6 24. Nd5 Bxd5 25. exd5 Qc7 26. Qd2 Rxe1 27. Qxe1 Re8 28. Qb1 h5 29. Rf4 hxg4 30. hxg4 Qe7 31. Rf3 Bh6 32. Bd3 Kg7 33. Qb2 Qe1+ 34. Bf1 Bc1 35. Qxf6+ 1-0

[Event "SUI-ch HT"]
[Site "Bern"]
[Date "2014.10.01"]
[Round "6"]
[White "Borner, Daniel"]
[Black "Esper, Christian"]
[Result "1/2-1/2"]
[WhiteElo "2161"]
[BlackElo "1939"]
[PlyCount "77"]
[EventDate "2014.09.27"]
[EventType "swiss"]
[EventRounds "9"]
[EventCountry "SUI"]
[SourceTitle "EXT 2016"]
[Source "ChessBase"]
[SourceDate "2015.10.08"]
[SourceVersion "1"]
[SourceVersionDate "2015.10.08"]
[SourceQuality "1"]

1. e4 e6 2. d3 c5 3. Nf3 Nc6 4. g3 d6 5. Bg2 Nf6 6. 0-0 Be7 7. Re1 Qc7 8. c3 0-0 9. d4 cxd4 10. cxd4 d5 11. e5 Nd7 12. Nc3 f6 13. exf6 Nxf6 14. Bf4 Qa5 15. a3 b5 16. b4 Qb6 17. Qd3 a6 18. Rad1 Bd7 19. Ne5 Be8 20. Nxc6 Qxc6 21. Rc1 Qd7 22. Bh3 Bf7 23. Qe2 Rfc8 24. Bxe6 Bxe6 25. Qxe6+ Qxe6 26. Rxe6 Kf7 27. Ree1 Rc4 28. Be5 Rac8 29. Ne2 Rc2 30. Rxc2 Rxc2 31. Nf4 Ne4 32. Re2 Rc1+ 33. Kg2 Nc3 34. Re3 g5 35. Ne2 Nxe2 36. Rxe2 Rc3 37. Re3 Rxe3 38. fxe3 g4 39. Kf2 1/2-1/2

[Event "Winterthur op 11th"]
[Site "Winterthur"]
[Date "2011.10.15"]
[Round "9"]
[White "Rausis, Igors"]
[Black "Borner, Daniel"]
[Result "1-0"]
[WhiteElo "2497"]
[BlackElo "2190"]
[PlyCount "53"]
[EventDate "2011.10.08"]
[EventType "swiss"]
[EventRounds "9"]
[EventCountry "SUI"]
[SourceTitle "CBM 144 Extra"]
[Source "ChessBase"]
[SourceDate "2011.10.28"]
[SourceVersion "1"]
[SourceVersionDate "2011.10.28"]
[SourceQuality "1"]

1. d4 Nf6 2. Nf3 g6 3. Nc3 d5 4. Bf4 c6 5. Qd2 Nbd7 6. h4 h5 7. Ne5 Bg7 8. f3 c5 9. e3 0-0 10. Be2 cxd4 11. exd4 Nb6 12. 0-0-0 Bd7 13. g4 Rc8 14. Rdg1 Nc4 15. Bxc4 dxc4 16. Bh6 b5 17. gxh5 Nxh5 18. Bxg7 Kxg7 19. Nxg6 fxg6 20. Rxg6+ Kf7 21. Qg5 Rh8 22. Rg1 Qf8 23. Qd5+ Ke8 24. Rg8 Rxg8 25. Rxg8 Nf6 26. Rxf8+ Kxf8 27. Qb7 1-0

[Event "Winterthur op 10th"]
[Site "Winterthur"]
[Date "2010.10.15"]
[Round "8"]
[White "Borner, Daniel"]
[Black "Pavlovic, Milos M"]
[Result "0-1"]
[WhiteElo "2207"]
[BlackElo "2495"]
[PlyCount "52"]
[EventDate "2010.10.09"]
[EventType "swiss"]
[EventRounds "9"]
[EventCountry "SUI"]
[SourceTitle "CBM 138 Extra"]
[Source "ChessBase"]
[SourceDate "2010.10.29"]
[SourceVersion "1"]
[SourceVersionDate "2010.10.29"]
[SourceQuality "1"]

1. e4 c5 2. Nf3 d6 3. d4 cxd4 4. Nxd4 Nf6 5. Nc3 g6 6. Be3 Bg7 7. f3 0-0 8. Qd2 Nc6 9. Bc4 Bd7 10. 0-0-0 Rb8 11. Bb3 Na5 12. Bh6 Bxh6 13. Qxh6 b5 14. h4 e5 15. Nde2 b4 16. Nd5 Nxb3+ 17. cxb3 Nxd5 18. Rxd5 Be6 19. Rdd1 Rb6 20. g4 Ra6 21. Kb1 Qa5 22. Nc1 Bxb3 23. h5 Rc8 24. a3 Bc2+ 25. Ka2 bxa3 26. b4 Qxb4 0-1

[Event "Winterthur op 10th"]
[Site "Winterthur"]
[Date "2010.10.10"]
[Round "2"]
[White "Borner, Daniel"]
[Black "Mede, Istvan"]
[Result "1/2-1/2"]
[WhiteElo "2207"]
[BlackElo "2305"]
[PlyCount "50"]
[EventDate "2010.10.09"]
[EventType "swiss"]
[EventRounds "9"]
[EventCountry "SUI"]
[SourceTitle "CBM 138 Extra"]
[Source "ChessBase"]
[SourceDate "2010.10.29"]
[SourceVersion "1"]
[SourceVersionDate "2010.10.29"]
[SourceQuality "1"]

1. e4 c5 2. Nf3 Nc6 3. d4 cxd4 4. Nxd4 Nf6 5. Nc3 e5 6. Ndb5 d6 7. Bg5 a6 8. Na3 b5 9. Bxf6 gxf6 10. Nd5 Bg7 11. Bd3 Ne7 12. Nxe7 Qxe7 13. 0-0 0-0 14. c4 f5 15. Qh5 Rb8 16. exf5 e4 17. Rfe1 Bb7 18. Re3 bxc4 19. Bxc4 Qf6 20. Rh3 h6 21. Rg3 d5 22. Bb3 Rfe8 23. Nc2 Re5 24. Ne3 Kf8 25. Rd1 Rd8 1/2-1/2

[Event "Rapperswil Jona op 3rd"]
[Site "Rapperswil"]
[Date "2010.07.03"]
[Round "5"]
[White "Borner, Daniel"]
[Black "Keller, Peter"]
[Result "1-0"]
[WhiteElo "2210"]
[BlackElo "1859"]
[PlyCount "62"]
[EventDate "2010.07.01"]
[EventType "swiss"]
[EventRounds "7"]
[EventCountry "SUI"]
[SourceTitle "CBM 137 Extra"]
[Source "ChessBase"]
[SourceDate "2010.09.01"]
[SourceVersion "1"]
[SourceVersionDate "2010.09.01"]
[SourceQuality "1"]

1. e4 d5 2. exd5 Qxd5 3. Nc3 Qd6 4. d4 a6 5. Nf3 Nf6 6. Bd3 g6 7. h3 Bg7 8. 0-0 Nc6 9. Re1 0-0 10. Be3 Re8 11. Ne4 Nxe4 12. Bxe4 e6 13. c3 f5 14. Bc2 Na5 15. b4 Nc4 16. Bc1 b5 17. Bb3 Bb7 18. Bxc4 bxc4 19. Ne5 Qd5 20. f3 Rad8 21. Bf4 a5 22. a3 axb4 23. axb4 Ra8 24. Qe2 Bxe5 25. Bxe5 c6 26. Qe3 Rxa1 27. Rxa1 Ra8 28. Rxa8+ Bxa8 29. Qg5 Qd7 30. Qf6 Bb7 31. Qh8+ Kf7 1-0

[Event "Lenk op 22nd"]
[Site "Lenk"]
[Date "2010.04.03"]
[Round "4"]
[White "Borner, Daniel"]
[Black "Messer, Markus"]
[Result "1/2-1/2"]
[WhiteElo "2232"]
[BlackElo "2028"]
[PlyCount "75"]
[EventDate "2010.04.01"]
[EventType "swiss"]
[EventRounds "7"]
[EventCountry "SUI"]
[SourceTitle "CBM 135 Extra"]
[Source "ChessBase"]
[SourceDate "2010.05.04"]
[SourceVersion "1"]
[SourceVersionDate "2010.05.04"]
[SourceQuality "1"]

1. g3 Nf6 2. Bg2 d5 3. Nf3 g6 4. 0-0 Bg7 5. d3 0-0 6. c3 c5 7. Nbd2 Nc6 8. e4 Bg4 9. h3 Bxf3 10. Qxf3 d4 11. c4 Nd7 12. Qe2 e5 13. f4 a6 14. Nf3 b5 15. b3 bxc4 16. bxc4 Rb8 17. f5 Rb7 18. g4 Qe7 19. g5 f6 20. h4 Rfb8 21. Bh3 Nf8 22. Nh2 Qd6 23. Ng4 Kh8 24. gxf6 Bxf6 25. Nxf6 Qxf6 26. Bg5 Qd6 27. fxg6 Nxg6 28. Bf6+ Rg7 29. Bxg7+ Kxg7 30. Qg4 Kh8 31. Qe6 Qxe6 32. Bxe6 Nf4 33. Bd5 Nb4 34. Rab1 Rf8 35. a3 Nbxd3 36. Kh2 Rf6 37. Rb7 Nxd5 38. Rg1 1/2-1/2

[Event "Zuerich op 33rd"]
[Site "Zuerich"]
[Date "2009.12.27"]
[Round "2"]
[White "Borner, Daniel"]
[Black "Vonlanthen, Markus"]
[Result "1-0"]
[WhiteElo "2210"]
[BlackElo "2068"]
[PlyCount "43"]
[EventDate "2009.12.26"]
[EventType "swiss"]
[EventRounds "7"]
[EventCountry "SUI"]
[SourceTitle "CBM 134 Extra"]
[Source "ChessBase"]
[SourceDate "2010.03.03"]
[SourceVersion "1"]
[SourceVersionDate "2010.03.03"]
[SourceQuality "1"]

1. e4 c5 2. Nf3 e6 3. d4 cxd4 4. Nxd4 a6 5. Bd3 d5 6. exd5 Qxd5 7. Nf3 Nf6 8. Nc3 Qa5 9. Bd2 Qc7 10. Qe2 Bd6 11. Ne4 Nxe4 12. Qxe4 f5 13. Qe2 0-0 14. 0-0-0 e5 15. Kb1 Nc6 16. Bc4+ Kh8 17. Bc3 e4 18. Ng5 Be5 19. Qh5 g6 20. Qh6 Qg7 21. Nf7+ Rxf7 22. Bxe5 1-0

[Event "Zuerich op 33rd"]
[Site "Zuerich"]
[Date "2009.12.26"]
[Round "1"]
[White "Studer, Noel"]
[Black "Borner, Daniel"]
[Result "1-0"]
[WhiteElo "1974"]
[BlackElo "2210"]
[PlyCount "55"]
[EventDate "2009.12.26"]
[EventType "swiss"]
[EventRounds "7"]
[EventCountry "SUI"]
[SourceTitle "CBM 134 Extra"]
[Source "ChessBase"]
[SourceDate "2010.03.03"]
[SourceVersion "1"]
[SourceVersionDate "2010.03.03"]
[SourceQuality "1"]

1. e4 c5 2. Nf3 Nc6 3. Bb5 g6 4. Bxc6 dxc6 5. d3 Bg7 6. h3 e5 7. 0-0 Qe7 8. Be3 Nf6 9. Qd2 0-0 10. Bh6 Nd7 11. Nc3 Rd8 12. Bxg7 Kxg7 13. Nh2 g5 14. Ne2 Nf8 15. Ng3 Ng6 16. Ng4 Nf4 17. Ne3 Kg6 18. Ngf5 Qf6 19. g3 Ne6 20. Ng4 Qh8 21. f4 gxf4 22. gxf4 exf4 23. Ne7+ Kg5 24. Qg2 h5 25. h4+ Kxh4 26. Nh2 Nd4 27. Rxf4+ Bg4 28. Rxg4+ 1-0

[Event "Winterthur op 9th"]
[Site "Winterthur"]
[Date "2009.10.07"]
[Round "6"]
[White "Ansell, Simon"]
[Black "Borner, Daniel"]
[Result "1/2-1/2"]
[WhiteElo "2380"]
[BlackElo "2201"]
[PlyCount "103"]
[EventDate "2009.10.03"]
[EventType "swiss"]
[EventRounds "9"]
[EventCountry "SUI"]
[SourceTitle "CBM 132 Extra"]
[Source "ChessBase"]
[SourceDate "2009.11.03"]
[SourceVersion "1"]
[SourceVersionDate "2009.11.03"]
[SourceQuality "1"]

1. e4 c5 2. Nf3 Nc6 3. Bb5 g6 4. 0-0 Bg7 5. c3 e5 6. b4 cxb4 7. cxb4 Nge7 8. Bb2 0-0 9. Bxc6 Nxc6 10. b5 Nd4 11. Nxd4 exd4 12. Qa4 Re8 13. d3 Qb6 14. Na3 d5 15. exd5 Bf5 16. Qb3 Rad8 17. Nc2 Qc5 18. Rfe1 h5 19. Rxe8+ Rxe8 20. Re1 Rc8 21. Re2 Bf6 22. a4 Kg7 23. h3 Rd8 24. Nb4 Qd6 25. Bc1 Rc8 26. Bd2 h4 27. Re1 g5 28. Qd1 Kg6 29. Qf3 Rh8 30. a5 Rb8 31. Ra1 Qc5 32. a6 Qxb5 33. g4 hxg3 34. fxg3 bxa6 35. g4 Bd7 36. Rxa6 Rb6 37. Rxa7 Bc8 38. h4 Qe8 39. Ra8 Qd7 40. Qe4+ Kh6 41. d6 Rxd6 42. hxg5+ Bxg5 43. Bxg5+ Kxg5 44. Ra5+ Kf6 45. Qe5+ Kg6 46. Qg5+ Kh7 47. Rd5 Bb7 48. Qh5+ Kg8 49. Qg5+ Kf8 50. Qh6+ Rxh6 51. Rxd7 Bf3 52. Rxd4 1/2-1/2

[Event "Winterthur op 9th"]
[Site "Winterthur"]
[Date "2009.10.03"]
[Round "1"]
[White "Borner, Daniel"]
[Black "Paul, Mathias1111"]
[Result "1-0"]
[WhiteElo "2201"]
[BlackElo "1981"]
[PlyCount "53"]
[EventDate "2009.10.03"]
[EventType "swiss"]
[EventRounds "9"]
[EventCountry "SUI"]
[SourceTitle "CBM 132 Extra"]
[Source "ChessBase"]
[SourceDate "2009.11.03"]
[SourceVersion "1"]
[SourceVersionDate "2009.11.03"]
[SourceQuality "1"]

1. e4 c5 2. Nf3 e6 3. d4 cxd4 4. Nxd4 Nf6 5. Nc3 Nc6 6. Ndb5 d6 7. Bf4 e5 8. Bg5 a6 9. Na3 b5 10. Bxf6 gxf6 11. Nd5 f5 12. Bd3 Be6 13. 0-0 Bg7 14. Qh5 f4 15. c4 b4 16. Nc2 Rb8 17. b3 a5 18. g3 Qd7 19. f3 h6 20. Kh1 Bxd5 21. exd5 Ne7 22. Rae1 fxg3 23. Rg1 0-0 24. Rxg3 f5 25. Reg1 Rf7 26. Qxh6 Nc8 27. Bxf5 1-0

[Event "Zuerich op-A 28th"]
[Site "Zuerich"]
[Date "2004.12.??"]
[Round "6"]
[White "Borner, Daniel"]
[Black "Cavaletto, Massimo"]
[Result "0-1"]
[WhiteElo "2249"]
[BlackElo "2168"]
[PlyCount "64"]
[EventDate "2004.12.26"]
[EventType "swiss"]
[EventRounds "9"]
[EventCountry "SUI"]
[SourceTitle "EXT 2006"]
[Source "ChessBase"]
[SourceDate "2005.11.24"]
[SourceVersion "1"]
[SourceVersionDate "2005.11.24"]
[SourceQuality "1"]

1. e4 e6 2. d3 b6 3. Nf3 Bb7 4. g3 c5 5. Bg2 d6 6. 0-0 Nd7 7. Nbd2 Qc7 8. Nc4 Ne7 9. a4 Nc6 10. Ne1 Be7 11. f4 0-0 12. g4 f5 13. g5 Nd8 14. Ne3 fxe4 15. dxe4 c4 16. Qg4 Nc5 17. f5 Nc6 18. Nf3 Ne5 19. Nxe5 dxe5 20. Bd2 exf5 21. exf5 e4 22. f6 Bd6 23. fxg7 Qxg7 24. Nf5 Rxf5 25. Qxf5 Rf8 26. Qh3 Rf3 27. Qh5 Qd4+ 28. Kh1 Qxd2 29. Rae1 Qf4 30. g6 h6 31. b4 cxb3 32. cxb3 Nd3 0-1

[Event "Zuerich op-A 28th"]
[Site "Zuerich"]
[Date "2004.12.??"]
[Round "3"]
[White "Shneider, Aleksandr"]
[Black "Borner, Daniel"]
[Result "1-0"]
[WhiteElo "2528"]
[BlackElo "2249"]
[PlyCount "71"]
[EventDate "2004.12.26"]
[EventType "swiss"]
[EventRounds "9"]
[EventCountry "SUI"]
[SourceTitle "EXT 2006"]
[Source "ChessBase"]
[SourceDate "2005.11.24"]
[SourceVersion "1"]
[SourceVersionDate "2005.11.24"]
[SourceQuality "1"]

1. d4 Nf6 2. c4 g6 3. Nc3 Bg7 4. e4 0-0 5. Be2 d6 6. Nf3 e5 7. 0-0 Nc6 8. d5 Ne7 9. Nd2 a5 10. a3 Bd7 11. b3 Ne8 12. Ra2 c5 13. dxc6 bxc6 14. b4 axb4 15. axb4 Rxa2 16. Nxa2 d5 17. Nc3 Be6 18. Nb3 d4 19. Na4 Nd6 20. Qc2 f5 21. Nac5 Bc8 22. f3 Kh8 23. Na5 f4 24. Bd2 Bf6 25. b5 cxb5 26. cxb5 Bh4 27. Rb1 Bg3 28. hxg3 fxg3 29. Bg5 Qe8 30. b6 h6 31. Bh4 Nef5 32. exf5 Nxf5 33. Qe4 g5 34. b7 Bxb7 35. Rxb7 Nd6 36. Qh7# 1-0

[Event "Zuerich op 25th"]
[Site "Zuerich"]
[Date "2001.12.27"]
[Round "2"]
[White "Borner, Daniel"]
[Black "Jenni, Florian"]
[Result "1/2-1/2"]
[WhiteElo "2253"]
[BlackElo "2487"]
[PlyCount "72"]
[EventDate "2001.12.26"]
[EventType "swiss"]
[EventRounds "7"]
[EventCountry "SUI"]
[SourceTitle "EXT 2003"]
[Source "ChessBase"]
[SourceDate "2002.11.25"]
[SourceVersion "1"]
[SourceVersionDate "2002.11.25"]
[SourceQuality "1"]

1. e4 e5 2. Nf3 Nc6 3. Bb5 a6 4. Ba4 Nf6 5. 0-0 Be7 6. Re1 b5 7. Bb3 0-0 8. h3 Bb7 9. d3 Re8 10. c3 Bf8 11. Nbd2 g6 12. Nh2 Bg7 13. Ng4 Na5 14. Bc2 c5 15. Qf3 h5 16. Nxf6+ Bxf6 17. Nb3 Nxb3 18. Bxb3 Rf8 19. Bh6 Bg7 20. Qe3 d6 21. Rad1 Qe7 22. Bxg7 Kxg7 23. d4 cxd4 24. cxd4 Rac8 25. dxe5 dxe5 26. Rc1 Rfd8 27. Rxc8 Rxc8 28. Rd1 Rc7 29. a3 Rd7 30. Rxd7 Qxd7 31. Qc5 Kf6 32. Qb6+ Qc6 33. Qd8+ Kg7 34. Bd5 Qc1+ 35. Kh2 Qf4+ 36. Kg1 Qc1+ 1/2-1/2

[Event "Crans Montana op"]
[Site "Crans Montana"]
[Date "1999.??.??"]
[Round "6"]
[White "Borner, Daniel"]
[Black "Schlichtmann, Gisbert"]
[Result "1-0"]
[WhiteElo "2273"]
[BlackElo "2217"]
[PlyCount "39"]
[EventDate "1999.04.07"]
[EventType "swiss"]
[EventRounds "9"]
[EventCountry "SUI"]
[SourceTitle "EXT 2000"]
[Source "ChessBase"]
[SourceDate "1999.11.16"]
[SourceVersion "1"]
[SourceVersionDate "1999.11.16"]
[SourceQuality "1"]

1. e4 c5 2. Nf3 d6 3. d4 cxd4 4. Nxd4 Nf6 5. Nc3 Nc6 6. Bc4 e6 7. Bb3 a6 8. Be3 Qc7 9. 0-0 Be7 10. f4 0-0 11. f5 Nxd4 12. Bxd4 b5 13. a3 Rb8 14. g4 d5 15. exd5 exf5 16. gxf5 b4 17. axb4 Rxb4 18. Ra4 Bb7 19. Rxb4 Bxb4 20. Bxf6 1-0

[Event "Crans Montana op"]
[Site "Crans Montana"]
[Date "1999.??.??"]
[Round "2"]
[White "Borner, Daniel"]
[Black "Tukmakov, Vladimir B"]
[Result "0-1"]
[WhiteElo "2273"]
[BlackElo "2581"]
[PlyCount "80"]
[EventDate "1999.04.07"]
[EventType "swiss"]
[EventRounds "9"]
[EventCountry "SUI"]
[SourceTitle "EXT 2000"]
[Source "ChessBase"]
[SourceDate "1999.11.16"]
[SourceVersion "1"]
[SourceVersionDate "1999.11.16"]
[SourceQuality "1"]

1. e4 c6 2. d4 d5 3. Nc3 dxe4 4. Nxe4 Bf5 5. Ng3 Bg6 6. h4 h6 7. Nf3 Nf6 8. h5 Bh7 9. Bd3 Bxd3 10. Qxd3 e6 11. Qe2 c5 12. dxc5 Bxc5 13. Be3 Bxe3 14. Qxe3 Nc6 15. 0-0 0-0 16. Rfd1 Qa5 17. a3 Rfd8 18. b4 Qa4 19. Qc3 Rac8 20. Qb2 a6 21. Rdc1 Rd7 22. c4 Rcd8 23. Qe2 Rd3 24. Qc2 Qxc2 25. Rxc2 Rd1+ 26. Rxd1 Rxd1+ 27. Kh2 Rb1 28. Kh3 Rb3 29. Ra2 Rc3 30. Nd2 Nxh5 31. Nde4 Rxc4 32. Nd6 Rc3 33. Nde4 Rc1 34. Nxh5 Rh1+ 35. Kg4 f5+ 36. Kg3 fxe4 37. Nf4 Nd4 38. Ng6 Kf7 39. Ne5+ Kf6 40. Ng4+ Kg5 0-1